000 00895nam a2200217 a 4500
001 000117658
003 AM-YeHGA
005 20250618075523.0
008 971104s1956 |||| |||||||||| | rus c
040 _aAM-YeHGA
100 1 _aԳրիգորյան, Հրաչյա Գևորգի,
_d1907-1969
_91647
245 1 0 _aМаяковский и армянская литература /
_cР.Г. Григорян.
260 _aЕреван :
_bАйпетрат ,
_c1956.
300 _a232 стр. :
_b3 вкл. л. ил., портр. ;
_c17 см.
600 1 4 _aМаяковский, Владимир Владимирович
_d1893-1930
650 1 4 _aЛитературоведение
_xРусская литература
650 1 4 _aАрмянская литература
650 1 4 _aРусско-армянские литературные связи
942 _2udc
_cBK
090 _c475028
999 _c471767
_d471767